Countries that Start with "C" by Clue - Statistics

General Stats
  • This quiz has been taken 452 times
  • The average score is 11 of 16
Answer Stats
Hint Answer % Correct
Not very wide but very tall Chile
94%
Home to Angkor Wat Cambodia
92%
Longest Coastline Canada
92%
Home to the Island of Dubrovnik Croatia
87%
Fidel Castro Ruled Here Cuba
86%
Where the Medellin Drug Cartel Began Colombia
84%
Gunpowder was invented here China
78%
Borders Chad and the D.R.C Central African Republic
73%
Might be in Asia or Europe Cyprus
72%
"Rich Coast" Costa Rica
66%
Also the name of a large shallow lake Chad
62%
Recently changed their name to exclude "Republic" Czechia
59%
Also Commonly Known by its Portuguese Name Cape Verde
50%
The Largest City is Douala Cameroon
49%
Island Country where Apostasy is Illegal Comoros
48%
Home to Abidjan Cote D'Ivoire
39%
No matching quizzes found
Score Distribution
Percent of People with Each Score
Percentile by Number Answered
Your Score History
You have not taken this quiz